Využívanie finančno-ekonomických nástrojov na zvyšovanie efektívnosti spoločenskej výroby čiastková štúdia

Guardado en:
Detalles Bibliográficos
Formato: Libro
Lenguaje:eslovaco
Publicado: Bratislava VŠE 1985
Etiquetas: Agregar Etiqueta
Sin Etiquetas, Sea el primero en etiquetar este registro!

MARC

LEADER 00000nam a2200000 4500
001 c022488
005 20260325114418.8
041 0 |a slo 
044 |a SK 
245 1 0 |a Využívanie finančno-ekonomických nástrojov na zvyšovanie efektívnosti spoločenskej výroby  |b čiastková štúdia 
264 1 |a Bratislava  |b VŠE  |c 1985 
300 |a 224 s.